000 00580cam a22002171 4500
001 af 47005396
003 DLC
005 20260227110831.0
008 890501s1944 be a 000 0 dut c
010 _aaf 47005396
035 _a(OCoLC)19640433
040 _aNew York. Public library
_cCU
_dDLC
042 _apremarc
050 0 0 _aPT6458.V39
_bS8
100 1 _aVerhelle, Jos.
245 1 0 _aStormwake.
260 _aRoeselare,
_bHernieuwenuitgaven
_c[1944]
300 _a31, [1] p.
_billus.
_c25 cm.
500 _aPoems.
610 2 0 _aKatholieke studentenactie Jong-Claanderen.
999 _c3096
_d3096